Focus : exam practice cambridge english first. practice tests plus /
Guardado en:
| Autor Principal: | |
|---|---|
| Formato: | Libro |
| Publicado: |
Edimburgo :
Pearson,
2016
|
| Materias: | |
| Etiquetas: |
Agregar Etiqueta
Sin Etiquetas, Sea el primero en etiquetar este registro!
|
| LEADER | 00537nam a22001815a 4500 | ||
|---|---|---|---|
| 001 | CEM.cems014899 | ||
| 005 | 20180427000604.0 | ||
| 008 | 130507s2016##################000#0#####d | ||
| 003 | CEMS | ||
| 020 | |a 9781292121161 | ||
| 082 | 0 | 4 | |a 428.64 |
| 100 | 1 | |a Grossman, David | |
| 245 | 1 | 0 | |a Focus : |b exam practice cambridge english first. practice tests plus / |c David Grossman |
| 260 | |a Edimburgo : |b Pearson, |c 2016 | ||
| 300 | |a 64 p. | ||
| 653 | |a Inglés | ||
| 653 | |a Inglés-texto | ||
| 859 | |a CEMS |b BIB. CEMS - 11 de abril |h 428.64 |i R273-2 |p 27493.18 |t Ej.1 | ||
